| 000 | 00788nam a2200217 u 4500 | ||
|---|---|---|---|
| 999 |
_c7856 _d7856 |
||
| 001 | 991061090376106706 | ||
| 003 | OSt | ||
| 005 | 20240212122834.0 | ||
| 008 | s2021 xx r 000 0 cat d | ||
| 020 | _a9788419590657 | ||
| 040 |
_aCDMR _bcat _cCDMR |
||
| 100 |
_aRifà i Rierola, Josefina _94928 |
||
| 245 |
_aTu, calla _b: silencis i oblits. Memòries de Josefina Rifà i de la radiodifusió a Catalunya _c/ Josefina Rifà i Rierola |
||
| 260 |
_aBarcelona : _bComanegra, _c2024 |
||
| 300 | _a253 pàgines | ||
| 600 | 0 |
_94929 _aRifà i Anglada, Eduard |
|
| 610 | 0 |
_94752 _aRàdio Associació de Catalunya _xHistòria _y1924-1938 |
|
| 610 | 2 | 0 |
_93399 _aRàdio Barcelona _xHistòria _y1924-1938 |
| 650 | 0 |
_93105 _aRadiodifusió _zCatalunya _xHistòria _y1924-1938 |
|
| 942 |
_2udc _cMON |
||